|
|
|
|
| LEADER |
00000nam a2200000 a 4500 |
| 001 |
vtls001408961 |
| 003 |
SK-MaSNL |
| 005 |
20260331204412.0 |
| 008 |
160318s2000 xo r 0 slo |
| 015 |
|
|
|a SNBG2001/02-01117
|
| 035 |
|
|
|a SNK000363638
|
| 040 |
|
|
|a SNK
|b slo
|c SNK
|e AACR2
|
| 041 |
0 |
|
|a slo
|
| 044 |
|
|
|a xo
|c SK
|
| 080 |
|
|
|a 087.5(084)
|2 1981
|
| 100 |
1 |
|
|a Doláková, Milica
|4 aud
|4 ilu
|9 310822
|
| 245 |
1 |
|
|a Nakreslím si štvorček, domček
|h grafika
|b maľovanka ahra s geometrickými tvarmi
|c scénar a ilustrácie Milica Doláková
|
| 260 |
|
|
|a Bratislava
|b Litera
|c [2000]
|
| 300 |
|
|
|a [16] s.
|c 15x21 cm
|
| 650 |
0 |
7 |
|a maľovanky s textom
|2 SNK
|9 60447
|
| 958 |
|
|
|a GOM
|
| 958 |
|
|
|a TL
|
| 958 |
|
|
|a DB
|
| 999 |
|
|
|c 983539
|d 985469
|
| 952 |
|
|
|t P60, <03>, [BOOK], {603}
|a SNK
|b SNK
|y PREZ
|7 0
|p 17A0292653
|o snkOSE 3689
|i snkKSP 3642/2001
|0 0
|1 0
|4 0
|d 2001-03-09
|l 0
|r 2005-01-02 00:00:00
|w 2026-02-24
|
| 952 |
|
|
|t P60, <04>, [BOOK], {604}
|a SNK
|b SNK
|y VYP
|7 0
|p 17A0292654
|o snkOSE 3689 D1
|i snkKSP 3643/2001
|0 0
|1 0
|4 0
|d 2001-03-09
|l 0
|r 2005-01-02 00:00:00
|w 2026-02-24
|